| 000 | 00990cab a2200217 4500 | ||
|---|---|---|---|
| 001 | L136589 | ||
| 008 | 070209n2007 000 0 eng u | ||
| 035 | _a(Sirsi) u136589 | ||
| 041 | 0 | _aeng | |
| 100 | 1 | _aCunningham, Daniel | |
| 245 | 0 | 0 | _aFocus West London and West boroughs |
| 260 | _c2007 | ||
| 490 | 0 | 0 |
_aEstates Gazette _v(0705) 3 February 2007, 129-143(10) |
| 520 | _aLooks at speculative warehouse space due to appear on the industrial market in Hounslow and Uxbridge over the next 12 months. Covers White City's position just outside the congestion charging extension and asks whether this will be enough to attract shoppers away from local pitches. Examines the refurbishment of the Ark in Hammersmith and questions whether it will achieve the top rents that local agents hope for. | ||
| 590 | _aKA | ||
| 651 | 4 | _aWEST LONDON | |
| 690 | _aPROPERTY-COMMERCIAL PROPERTY-COMMERCIAL PROPERTY MARKET | ||
| 700 | 1 | _aHarris, David | |
| 700 | 1 | _aCavanagh, Elaine | |
| 942 | _n0 | ||
| 999 |
_c78357 _d78357 |
||